एक और अभिमन्यु (Record no. 100604)

MARC details
000 -LEADER
fixed length control field 00766nam a2200253Ia 4500
003 - CONTROL NUMBER IDENTIFIER
control field OSt
005 - DATE AND TIME OF LATEST TRANSACTION
control field 20220916110906.0
008 - FIXED-LENGTH DATA ELEMENTS--GENERAL INFORMATION
fixed length control field 220915b |||||||| |||| 00| 0 hin d
037 ## - SOURCE OF ACQUISITION
Terms of availability Textbook
040 ## - CATALOGING SOURCE
Language of cataloging hin
Original cataloging agency ARTS
Transcribing agency ARTS
041 ## - LANGUAGE CODE
Language code of text/sound track or separate title hin
100 ## - MAIN ENTRY--PERSONAL NAME
Personal name मिश्र, सनत्
245 #0 - TITLE STATEMENT
Title एक और अभिमन्यु
246 ## - VARYING FORM OF TITLE
Title proper/short title Ek aur abhimanyu
260 ## - PUBLICATION, DISTRIBUTION, ETC.
Place of publication, distribution, etc. इलाहाबाद
Name of publisher, distributor, etc. अनाादि प्रका0
Date of publication, distribution, etc. 1979
300 ## - PHYSICAL DESCRIPTION
Extent 9, 71पृ0
Dimensions cm.
650 ## - SUBJECT ADDED ENTRY--TOPICAL TERM
Topical term or geographic name entry element हिन्दी साहित्य
942 ## - ADDED ENTRY ELEMENTS (KOHA)
Classification part O152,8NMIx, L9
Koha item type Textbook
Source of classification or shelving scheme Colon Classification (CC)
Holdings
Withdrawn status Lost status Damaged status Not for loan Home library Current library Date acquired Total Checkouts Full call number Barcode Date last seen Price effective from Koha item type
        Arts Library Arts Library 2022-09-16   O152,8NMIx L9 AL1071126 2022-09-16 2022-09-16 Textbook
Copyright @ Delhi University Library System